| 000 | 00623nam a22001937a 4500 | ||
|---|---|---|---|
| 003 | OSt | ||
| 005 | 20180116192415.0 | ||
| 008 | 130508t xxu||||| |||| 00| 0 eng d | ||
| 020 | _a9789699709005 | ||
| 040 | _c0 | ||
| 082 | _a702.88 | ||
| 110 | 0 |
_aAga Khan Trust for Culture _96470 |
|
| 245 |
_aConservation of wazir kha mosque Lahore: _bpreliminary report on condition and risk assessment. _cAga Khan Trust for Culture |
||
| 260 |
_aLahore: _bprinting professional, _c2012 |
||
| 300 | _axviii, 242 p. | ||
| 650 |
_aConservation _xArt. _96471 |
||
| 942 |
_2ddc _cBK |
||
| 999 |
_c353685 _d353685 |
||